| 000 | 00489nam a2200157 i 4500 | ||
|---|---|---|---|
| 001 | bgj | ||
| 100 | 1 | _aBECKER, Henrik. | |
| 245 | 1 | 0 |
_aBausteine zur deutschen Literaturgeschichte : _bÄltere deutsche Dichtung / _cHenrik Becker. |
| 260 |
_aHalle (Saale) : _bVeb Max Niemeyer Verlag, _c1957. |
||
| 300 |
_aIX, 401, [160] S. ; _c25 cm. |
||
| 650 | 9 |
_aDeutsche Literatur _xGeschichte und Kritik |
|
| 040 | _cBPK | ||
| 041 | 0 | _ager | |
| 942 | _cKS | ||
| 008 | s gw f |000 0 ger | ||
| 999 |
_c50312 _d50312 |
||
| 856 |
_uhttp://koha.tu.koszalin.pl/cgi-bin/koha/opac-detail.pl?biblionumber=50312 _yKatalog online BPK |
||